| 000 -LEADER |
| fixed length control field |
00876cam a2200253 a 4500 |
| 001 - CONTROL NUMBER |
| control field |
13501 |
| 003 - CONTROL NUMBER IDENTIFIER |
| control field |
BD-DhUAP |
| 005 - DATE AND TIME OF LATEST TRANSACTION |
| control field |
20200315163248.0 |
| 008 - FIXED-LENGTH DATA ELEMENTS--GENERAL INFORMATION |
| fixed length control field |
200315s20061992bg abf b f000 0 eng |
| 020 ## - INTERNATIONAL STANDARD BOOK NUMBER |
| International Standard Book Number |
9780521677844 |
| 040 ## - CATALOGING SOURCE |
| Original cataloging agency |
BD-DhUAP |
| Transcribing agency |
BD-DhUAP |
| Modifying agency |
BD-DhUAP |
| Language of cataloging |
Eng |
| 082 ## - DEWEY DECIMAL CLASSIFICATION NUMBER |
| Classification number |
428.24 SPR |
| Edition number |
23 |
| 100 ## - MAIN ENTRY--PERSONAL NAME |
| Personal name |
Spratt, Mary. |
| 245 ## - TITLE STATEMENT |
| Title |
The TKT Teaching Knowledge Test Course / |
| Statement of responsibility, etc. |
Mary Spratt, Alan Pulverness and Melanie Williams. |
| 260 ## - PUBLICATION, DISTRIBUTION, ETC. |
| Place of publication, distribution, etc. |
Cambridge : |
| Name of publisher, distributor, etc. |
Cambridge University Press, |
| Date of publication, distribution, etc. |
c2005 [Reprinted 2010]. |
| 300 ## - PHYSICAL DESCRIPTION |
| Extent |
188 pages ; |
| Dimensions |
24 cm. |
| 504 ## - BIBLIOGRAPHY, ETC. NOTE |
| Bibliography, etc. note |
Includes bibliographical references and index. |
| 650 ## - SUBJECT ADDED ENTRY--TOPICAL TERM |
| Topical term or geographic name entry element |
English language--Examinations |
| 650 ## - SUBJECT ADDED ENTRY--TOPICAL TERM |
| Topical term or geographic name entry element |
English language--Study and teaching--Foreign speakers. |
| 700 ## - ADDED ENTRY--PERSONAL NAME |
| Personal name |
Pulverness, Alan |
| 700 ## - ADDED ENTRY--PERSONAL NAME |
| Personal name |
Williams, Melanie |
| 942 ## - ADDED ENTRY ELEMENTS (KOHA) |
| Source of classification or shelving scheme |
|
| Koha item type |
Book |